000
00286nam a22001337a 4500
008
181022b xxu||||| |||| 00| 0 eng d
020
_a
9780935573312
041
_a
eng
080
_a
701
100
_a
44
101
_a
ART
245
_a
Transforming Images
_c
Horn,S
942
_2
udc
_c
BK
999
_c
50385
_d
50385